|
|
|
|
| LEADER |
00000nab#a22000007a#4500 |
| 001 |
arbauad031951 |
| 003 |
AR-BaUAD |
| 005 |
20250711112601.0 |
| 008 |
980708|||||||||###||||||b###|0###a|spa|| |
| 040 |
|
|
|a AR-BaUAD
|c AR-BaUAD
|b spa
|
| 100 |
|
|
|a Jonson, Lotta
|
| 245 |
|
|
|a Möbel Milano /
|c Lotta Jonson;
|
| 300 |
0 |
|
|b fot.
|
| 653 |
|
|
|a ITALIA
|
| 653 |
|
|
|a MILAN
|
| 653 |
|
|
|a EXPOSICIONES
|
| 653 |
|
|
|a MUEBLES
|
| 653 |
|
|
|a SALONE INTERNAZIONALE DEL MOBILE
|
| 653 |
|
|
|a FERIAS
|
| 653 |
|
|
|a SUECIA
|
| 653 |
|
|
|a MESAS
|
| 653 |
|
|
|a SILLONES
|
| 653 |
|
|
|a SILLAS
|
| 653 |
|
|
|a REPOSERAS
|
| 653 |
|
|
|a EQUIPAMIENTO
|
| 653 |
|
|
|a SALAS DE ESPERA
|
| 653 |
|
|
|a BIBLIOTECAS
|
| 653 |
|
|
|a DISEÑO INDUSTRIAL
|
| 773 |
0 |
|
|t FORM designtidskriften
|g no. 717 [1998], p. 72-78
|
| 942 |
|
|
|c ARTI
|
| 952 |
|
|
|0 0
|1 0
|4 0
|7 0
|9 76870
|a AR-BAuAD
|b AR-BAuAD
|d 2025-07-11
|l 0
|p AAQA031951
|r 2025-07-11 11:26:01
|w 2025-07-11
|y ARTI
|
| 990 |
|
|
|a DI199
|b TD
|
| 998 |
|
|
|a AAQ
|b BIBUN76
|
| 999 |
|
|
|c 56543
|d 56543
|